000 00414nam a22001697a 4500
003 NUST - PNEC
005 20170116181114.0
008 151004b xxu||||| |||| 00| 0 eng d
020 _a0500201811
040 _cLIBRARY
082 _a745.2 HES
100 _913091
_aHeskett, John
245 _aIndustrial design
_cJohn Heskett
260 _cc.1980
650 _913093
_aIndustrial design
_xME
942 _2ddc
_cBK
999 _c69247
_d69247